000 01993nam0a2200397 4500
001 RU\NLR\bibl\472040
005 20260407071722.0
010 _a5-8192-0171-X
_9600
021 _aRU
_b2003-59895
_92930
035 _a(NLR Aleph) 000465190
090 _a958832
_c958832
100 _a20031215d2003 |||y0rusy50 ca
101 0 _arus
102 _aRU
105 _ay |||||||||
135 _acrbn 001anaba
200 1 _aОбраз библиотеки в произведениях художественной литературы
_eЛит.-социол. очерки
_fМ.Ю. Матвеев, Д.К. Равинский
_gРос. нац. б-ка
210 _aСПб.
_cРНБ
_d2003
215 _a136 с.
_d20
320 _aБиблиогр.: с. 128-135 и в конце ст.
325 1 _aКопия доступна в электронной библиотеке РНБ
606 1 _aБиблиотеки
_xв литературе мировой
_92518381
_3RU\NLR\AUTH\6601707047
606 1 _aБиблиотеки
_xв художественной литературе
_92268387
_3RU\NLR\AUTH\661359712
686 _aШ5(0)-34
686 _aЧ73,0
700 1 _4070
_7ca
_8rus
_aМатвеев
_bМ. Ю.
_cд-р пед. наук, библиотечное дело
_f1971-2025
_gМихаил Юрьевич
_96670
_3RU\NLR\AUTH\7723617
701 1 _4070
_7ca
_8rus
_aРавинский
_bД. К.
_gДмитрий Константинович
_9173023
_3RU\NLR\AUTH\770173074
712 0 2 _4570
_aРоссийская национальная библиотека
_cСанкт-Петербург
_9272031
_3RU\NLR\AUTH\88593
801 0 _aRU
_bNLR
_c20031215
_gPSBO
801 1 _aRU
_bNLR
_c20031215
901 _eКнижные издания
942 _cBOOK
980 _aNB
981 1 8 _a(18) Планета РНБ
_b(18) Труды сотрудников РНБ